000 00659nam a22002417a 4500
003 UA-OsUOA
001 63084
007 ta
008 20090917b un ||||| |||| 00| 0 ukr d
090 _a94(477)
_bД46
942 _cMG
040 _aUA-OsUOA
_brus
_cUA-OsUOA
_dUA-OsUOA
245 _aДипломатическая служба
_cГлав. ред. Николаенко В.Д.
300 _a76 с.
955 _a1
041 _arus
080 _a94(477)
260 _aМ.
246 3 1 _aНаучно-практический журнал
_n
044 _aRU
962 _a2005
650 7 _a9 Географія. Біографії. Історія
_2UDC
999 _c349174
_d349174